000 00633nam a2200217 i 4500
001 bgj
100 1 _aEVANS, Virginia
245 1 0 _aClick on :
_bstudents' book /
_cVirginia Evans ; Neil O'Sullivan.
260 _aNewbury, Berkshire :
_bExpress Publishing,
_c2001.
300 _a165 pp :
_bill., photos ;
_c30 cm.
650 9 _aEnglish language
655 _aTextbooks for foreigners
655 _aTextbooks for secondary schools
700 1 _aO'SULLIVAN, Neil.
_eco-author
020 _a0582079993
040 _cBPK
041 0 _aeng
920 _a0-582-07999-3
942 _cKS
008 s uk f |000 0 eng
999 _c48513
_d48513